00666cam a22002297a 4500003000500000005001700005008004100022010001000063011001000073035001000083040000900093110005900102245003000161260005700191300000900248410003800257490002900295650002000324650002500344810003800369830002900407CHAP20220329135800.0971013s r 00010 d a42013 a42985 a47115 cCHAP aEscuela Particular de Agricultura. Cd. Juárez, Chih. 0aAprovechamiento del cerdo a(s.l.) :bEscuela Particular de Agricultura,c(s.a.) a8 p. aEscuela Particular de Agricultura 0aBoletín 2a. seriev; 114aGanado porcino.14aProductos pecuarios.00aEscuela Particular de Agricultura0 aBoletín 2a. seriev; 1